| 000 | 01033cam a2200289 i 4500 | ||
|---|---|---|---|
| 999 |
_c26042 _d26042 |
||
| 001 | 26042 | ||
| 003 | Mx-PuUPA | ||
| 005 | 20240410103740.0 | ||
| 008 | 140415s1963 ag af r 000 0 spa d | ||
| 040 |
_aMX-PuUPA _bspa _erda _cMx-PuUPA _dMx-PuUPA |
||
| 041 | 1 |
_aspa _hdut |
|
| 100 | 1 |
_aWucher, Albert, _d1920-2010, _eautor _95956 |
|
| 240 | 1 | 0 |
_aKleine papstgeschichte. _lEspañol |
| 245 | 1 | 0 |
_aBreve historia de los papas / _cAlbert Wucher ; traducción de Pablo Simón. |
| 250 | _aPrimera edición | ||
| 264 | 1 |
_aBuenos Aires : _bLibreria "El Ateneo" Editorial, _c1963 |
|
| 300 |
_a236 páginas, 12 páginas sin numerar : _bilustraciones ; _c20 cm. |
||
| 336 |
_atexto _2rdacontent _btxt |
||
| 337 |
_asin medio _2rdamedia _bn |
||
| 338 |
_avolumen _2rdacarrier _bnc |
||
| 650 | 4 |
_aPapado _xHistoria |
|
| 650 | 4 |
_aSanta sede _xHistoria |
|
| 700 | 1 |
_aSimón, Pablo, _etraductor |
|
| 765 | 0 | 8 |
_aWucher, Albert, 1920-2010. _tKleine papstgeschichte. |
| 942 |
_2ddc _cLI _h262.13 _iW9598 |
||